| 000 | 00404nam a2200181Ia 4500 | ||
|---|---|---|---|
| 008 | 210210b xxu||||| |||| 00| 0 eng d | ||
| 041 | _aeng | ||
| 082 | _a828/554 | ||
| 100 | _aSANDARS (M F) | ||
| 245 | _aLife of Christina Rossetti | ||
| 260 |
_aLondon _bHutchinson & Co _c |
||
| 650 | _aRossetti | ||
| 650 | _aof | ||
| 650 | _aLife | ||
| 650 | _aChristina | ||
| 690 | _aBiography | ||
| 906 | _a016398 | ||
| 999 |
_c135923 _d135923 |
||